UBT Library

A guide to controlling your corporation's future / (Record no. 41807)

000 -LEADER
fixed length control field 00620cam a2200217 a 4500
001 - CONTROL NUMBER
control field 4714738
005 - DATE AND TIME OF LATEST TRANSACTION
control field 20180205082227.0
008 - FIXED-LENGTH DATA ELEMENTS--GENERAL INFORMATION
fixed length control field 830726s1984 nyua b 001 0 eng
010 ## - LIBRARY OF CONGRESS CONTROL NUMBER
LC control number 83014772
020 ## - INTERNATIONAL STANDARD BOOK NUMBER
International Standard Book Number 0471882135 :
Terms of availability $19.95
040 ## - CATALOGING SOURCE
Original cataloging agency DLC
Transcribing agency DLC
Modifying agency DLC
041 ## - LANGUAGE CODE
Language code of text/sound track or separate title eng
080 ## - UNIVERSAL DECIMAL CLASSIFICATION NUMBER
Universal Decimal Classification number 658.4012
082 00 - DEWEY DECIMAL CLASSIFICATION NUMBER
Classification number 658.4012 ACK
Edition number 19
100 1# - Rafti
Rafti 54
101 ## - Shkurtesa
Shkurtesa LID
245 12 - TITLE STATEMENT
Title A guide to controlling your corporation's future /
Statement of responsibility, etc Russell L. Ackoff, Jamshid Gharajedaghi, Elsa Vergara Finnel.
504 ## - BIBLIOGRAPHY, ETC. NOTE
Bibliography, etc Bibliography: p. 159.
906 ## - LOCAL DATA ELEMENT F, LDF (RLIN)
a 7
b cbc
c orignew
d 1
e ocip
f 19
g y-gencatlg
942 ## - ADDED ENTRY ELEMENTS (KOHA)
Source of classification or shelving scheme
Item type Books
Holdings
Withdrawn status Lost status Source of classification or shelving scheme Damaged status Not for loan Collection code Permanent location Current location Shelving location Date acquired Total Checkouts Full call number Barcode Date last seen Price effective from Koha item type
          Koleksioni i përgjithshem UBT - Lipjan UBT - Lipjan Koleksioni i lëndeve mesimore 02/05/2018   658.4012 ACK 002-2997153 02/05/2018 02/05/2018 Books
UBT Library © 2015-2024. All rights reserved University Education for Business and Technology